[Event "9th Sunway Sitges 2022"]
[Site "Sitges ESP"]
[Date "2022.12.13"]
[Round "2.24"]
[White "Svane, Frederik"]
[Black "Priyanka, Nutakki"]
[Result "1-0"]
[WhiteTitle "GM"]
[BlackTitle "WGM"]
[WhiteElo "2568"]
[BlackElo "2316"]
[WhiteFideId "12923044"]
[BlackFideId "25049615"]
[EventDate "2022.12.12"]

1. e4 c6 2. d4 d5 3. exd5 cxd5 4. c3 Nc6 5. Bd3 Nf6 6. Nf3 Bg4 7. h3 Bh5 8. Bf4
e6 9. Nbd2 Bd6 10. Bxd6 Qxd6 11. O-O O-O 12. Re1 Rab8 13. a4 Ne7 14. a5 Qc7 15.
Ra3 Bg6 16. Ne5 Bxd3 17. Nxd3 Nf5 18. Qe2 Nd7 19. Raa1 Rfe8 20. Qf3 Nd6 21. h4
Qd8 22. Qf4 Nf6 23. g3 Nfe4 24. Nxe4 Nxe4 25. a6 Qb6 26. Nb4 Qb5 27. Ra2 Qc4 28.
axb7 Rxb7 29. Rea1 Qe2 30. Kg2 Nd2 31. Nc6 Rf8 32. b4 Qe4+ 33. Qxe4 Nxe4 34.
Rxa7 Rxa7 35. Rxa7 Nxc3 36. Ra5 g5 37. b5 Ne4 38. b6 Nd6 39. hxg5 Kg7 40. Ra7
Rc8 41. Ne5 1-0

[Event "9th Sunway Sitges 2022"]
[Site "Sitges ESP"]
[Date "2022.12.13"]
[Round "2.25"]
[White "Lim, Zhuo Ren"]
[Black "Tin, Jingyao"]
[Result "1/2-1/2"]
[WhiteTitle "FM"]
[BlackTitle "GM"]
[WhiteElo "2305"]
[BlackElo "2562"]
[WhiteFideId "5702488"]
[BlackFideId "5804418"]
[EventDate "2022.12.12"]

1. d4 Nf6 2. Nf3 c6 3. c4 b5 4. cxb5 cxb5 5. e3 a6 6. a4 bxa4 7. Be2 e6 8. O-O
Bb7 9. Qxa4 Be7 10. Bd2 Nc6 11. Na3 O-O 12. Nc4 Ne4 13. Be1 Qc7 14. Nfd2 Nf6 15.
Nb3 Rfb8 16. Nba5 d5 17. Nxc6 Bxc6 18. Qa5 Qb7 19. Ne5 Bb5 20. Nd3 Bd6 21. Bc3
Qe7 22. Rfd1 h5 23. Bf3 Ng4 24. h3 Bh2+ 25. Kf1 Bc7 26. Qa3 Bd6 27. Qa2 Nh2+ 28.
Ke2 Bc4 29. Qb1 Qh4 30. Rh1 Nxf3 31. gxf3 Rb3 32. Qc2 Rab8 33. f4 Bb4 34. Kf3
Bxc3 35. bxc3 Qf6 36. Rac1 a5 37. Rhg1 a4 38. Rg5 a3 39. Rcg1 Ra8 40. Ra1 Ra7
41. Kg3 Qh6 42. Kh4 f6 43. Rxh5 g5+ 44. fxg5 Qg6 45. Nb4 Qxc2 46. Nxc2 a2 47.
gxf6 Rb1 48. Rg5+ Kf8 49. Rg1 Rxg1 50. Rxg1 Bd3 51. Nb4 Bb1 52. Nxa2 Bxa2 53.
Ra1 Kf7 54. Kg5 Ra8 55. h4 Ra6 56. f3 Ra8 57. e4 Rg8+ 58. Kf4 Rg2 59. e5 Kg6 60.
Ke3 Bc4 61. Kf4 Ba2 62. Ke3 Bc4 1/2-1/2

[Event "9th Sunway Sitges 2022"]
[Site "Sitges ESP"]
[Date "2022.12.13"]
[Round "2.26"]
[White "Alsina Leal, Daniel"]
[Black "Dixit, Nikhil"]
[Result "1-0"]
[WhiteTitle "GM"]
[BlackTitle "FM"]
[WhiteElo "2527"]
[BlackElo "2306"]
[WhiteFideId "2252627"]
[BlackFideId "5059534"]
[EventDate "2022.12.12"]

1. e4 g6 2. d4 Bg7 3. Nc3 c6 4. Bc4 d6 5. Bb3 Nf6 6. f4 O-O 7. Nf3 Na6 8. e5 Ne8
9. Be3 Nec7 10. O-O dxe5 11. fxe5 Be6 12. Qd2 f5 13. Ne2 Bxb3 14. axb3 Qe8 15.
Bh6 Rd8 16. Bxg7 Kxg7 17. Nf4 e6 18. c4 Qe7 19. h4 Rd7 20. Qf2 c5 21. d5 exd5
22. Qg3 d4 23. e6 Rd6 24. h5 Nxe6 25. Rae1 Qf6 26. Nxg6 Rfd8 27. Nfh4 hxg6 28.
Nxf5+ Kg8 29. Nh6+ 1-0

[Event "9th Sunway Sitges 2022"]
[Site "Sitges ESP"]
[Date "2022.12.13"]
[Round "2.27"]
[White "Sumets, Andrey"]
[Black "Gong, Qianyun"]
[Result "1-0"]
[WhiteTitle "GM"]
[BlackTitle "WGM"]
[WhiteElo "2506"]
[BlackElo "2299"]
[WhiteFideId "14105500"]
[BlackFideId "8602425"]
[EventDate "2022.12.12"]

1. d4 d5 2. c4 c6 3. Nf3 Nf6 4. e3 e6 5. Bd3 Nbd7 6. O-O Bd6 7. Nc3 O-O 8. e4
dxc4 9. Bxc4 e5 10. Be3 b5 11. Bb3 a6 12. h3 Bb7 13. dxe5 Nxe5 14. Nd4 b4 15.
Nf5 Bc7 16. Na4 Nxe4 17. Qc2 c5 18. Nxc5 Nxc5 19. Bxc5 1-0

[Event "9th Sunway Sitges 2022"]
[Site "Sitges ESP"]
[Date "2022.12.13"]
[Round "2.28"]
[White "Rakhmangulova, Anastasiya"]
[Black "Gines Esteo, Pedro Antonio"]
[Result "0-1"]
[WhiteTitle "WIM"]
[BlackTitle "GM"]
[WhiteElo "2296"]
[BlackElo "2500"]
[WhiteFideId "14117479"]
[BlackFideId "32080190"]
[EventDate "2022.12.12"]

1. e4 c6 2. Nc3 d5 3. Nf3 Bg4 4. h3 Bxf3 5. Qxf3 e6 6. Be2 d4 7. Nb1 Ne7 8. h4
Nd7 9. h5 g5 10. hxg6 Nxg6 11. d3 h5 12. Qh3 Qf6 13. Qg3 Bh6 14. Bxh6 Rxh6 15.
Rxh5 Rxh5 16. Bxh5 Nf4 17. Bf3 O-O-O 18. Nd2 Qh6 19. O-O-O Nf6 20. e5 Rg8 21.
exf6 Rxg3 22. fxg3 Nd5 23. Bxd5 cxd5 24. Rf1 Qe3 0-1

[Event "9th Sunway Sitges 2022"]
[Site "Sitges ESP"]
[Date "2022.12.13"]
[Round "2.29"]
[White "Sankalp, Gupta"]
[Black "Blasco Coll, Andreu"]
[Result "1/2-1/2"]
[WhiteTitle "GM"]
[BlackTitle "CM"]
[WhiteElo "2485"]
[BlackElo "2294"]
[WhiteFideId "5097010"]
[BlackFideId "22272836"]
[EventDate "2022.12.12"]

1. e4 c5 2. Nf3 Nc6 3. c3 Nf6 4. e5 Nd5 5. Bc4 Nb6 6. Bb3 d5 7. exd6 Qxd6 8. O-O
Be6 9. Bxe6 Qxe6 10. Na3 Qd7 11. Nc2 e6 12. d4 cxd4 13. Nfxd4 Nxd4 14. Nxd4 Be7
15. Qg4 O-O 16. Nf3 Qa4 17. Qh5 Rad8 18. b3 Qe4 19. Qa5 Nc8 20. Be3 Bf6 21. Rac1
Rd6 22. Bc5 Ra6 23. Qb4 Qxb4 24. cxb4 Rd8 25. a4 Rc6 26. b5 Rc7 27. Be3 Rcd7 28.
g4 g6 29. Rc2 b6 30. Rfc1 Ne7 31. g5 Bg7 32. Rc7 Kf8 33. Rxd7 Rxd7 34. Bf4 Rd3
35. Ne5 Rd4 36. Bg3 Bxe5 37. Bxe5 Rg4+ 38. Bg3 Rxg5 39. Rc7 Rg4 40. Rxa7 Nd5 41.
b4 Kg7 42. a5 Rxb4 43. a6 Rxb5 44. Be5+ Kh6 45. Rxf7 Ra5 46. a7 g5 47. Bh8 Kg6
48. Rg7+ Kf5 49. Rxh7 e5 50. Kf1 Ke4 51. Ke1 Ra2 52. f3+ Kf5 53. Rb7 Ke6 54. Bg7
Kf5 55. Bf8 Ke6 56. Rh7 Nc3 57. Re7+ Kf6 58. Rb7 Kf5 59. Bd6 Nd5 60. Bb8 Ke6 61.
Rg7 Kf5 62. Rd7 Nf4 63. Rd6 g4 64. fxg4+ Kxg4 65. Rxb6 Kf3 66. Rb3+ Ke4 67. Kd1
Nd3 68. h4 Ke3 69. Rxd3+ Kxd3 70. Bxe5 1/2-1/2

[Event "9th Sunway Sitges 2022"]
[Site "Sitges ESP"]
[Date "2022.12.13"]
[Round "2.30"]
[White "Yordanov, Lachezar"]
[Black "Clarke, Brandon G I"]
[Result "1/2-1/2"]
[WhiteTitle "FM"]
[BlackTitle "IM"]
[WhiteElo "2294"]
[BlackElo "2484"]
[WhiteFideId "2918927"]
[BlackFideId "400319"]
[EventDate "2022.12.12"]

1. d4 Nf6 2. c4 g6 3. Nc3 d5 4. cxd5 Nxd5 5. e4 Nxc3 6. bxc3 Bg7 7. Bc4 c5 8.
Ne2 Nc6 9. Be3 O-O 10. O-O b6 11. Rc1 Bb7 12. Qd2 Qc7 13. h4 Rad8 14. Bh6 e5 15.
d5 Na5 16. Bd3 c4 17. Bc2 f5 18. Bxg7 Qxg7 19. f4 fxe4 20. Bxe4 Qe7 21. fxe5
Qxe5 22. Rxf8+ Rxf8 23. Bf3 Bc8 24. Nd4 Re8 25. Kf2 Nb7 26. Re1 Qxe1+ 27. Qxe1
Rxe1 28. Kxe1 Kg7 29. Ke2 Kf6 30. Ke3 Ke5 1/2-1/2

[Event "9th Sunway Sitges 2022"]
[Site "Sitges ESP"]
[Date "2022.12.13"]
[Round "2.31"]
[White "Shaik, Sumer Arsh"]
[Black "Gokerkan, Cem Kaan"]
[Result "1-0"]
[WhiteTitle "CM"]
[BlackTitle "IM"]
[WhiteElo "2290"]
[BlackElo "2470"]
[WhiteFideId "45020000"]
[BlackFideId "6336760"]
[EventDate "2022.12.12"]

1. d4 Nf6 2. c4 e6 3. Nc3 Bb4 4. Qc2 d5 5. cxd5 exd5 6. Bg5 h6 7. Bh4 c5 8. dxc5
g5 9. Bg3 Ne4 10. e3 Qa5 11. Ne2 Bf5 12. Be5 O-O 13. Nd4 Nxc3 14. Qxf5 Ne4+ 15.
Kd1 Nc6 16. Nxc6 bxc6 17. Rc1 Bxc5 18. Rc2 Rfe8 19. Bd3 Bb6 20. h4 Re6 21. hxg5
Rae8 22. Rxh6 Rxe5 23. Qh7+ Kf8 24. Qh8+ Ke7 25. Qxe5+ Kd7 26. Qf5+ Kd8 27. Bxe4
Rxe4 28. Rd6+ Ke8 29. Qc8+ 1-0

[Event "9th Sunway Sitges 2022"]
[Site "Sitges ESP"]
[Date "2022.12.13"]
[Round "2.32"]
[White "Samant, Aditya S"]
[Black "Ortega Serra, Marc"]
[Result "1-0"]
[WhiteTitle "IM"]
[WhiteElo "2470"]
[BlackElo "2291"]
[WhiteFideId "35080580"]
[BlackFideId "2293137"]
[EventDate "2022.12.12"]

1. e4 e6 2. d4 d5 3. Nd2 Be7 4. Ngf3 Nf6 5. e5 Nfd7 6. Bd3 c5 7. c3 Nc6 8. O-O
g5 9. Nb1 g4 10. Ne1 h5 11. Be3 Rg8 12. a3 c4 13. Bh7 Rg7 14. Bc2 f5 15. exf6
Nxf6 16. b3 cxb3 17. Bxb3 Bd7 18. Nd3 Na5 19. Ne5 Qc7 20. Nd2 Bd6 21. c4 dxc4
22. Bxc4 Nd5 23. Bxd5 exd5 24. Bh6 Bxe5 25. Re1 Re7 26. dxe5 Nc6 27. Bg5 Re6 28.
Nb3 Kf7 29. Qxd5 Rg8 30. Bf6 h4 31. Nc5 Bc8 32. Nxe6 Bxe6 33. Qe4 Ke8 34. Bxh4
Qf7 35. Rad1 Qh5 36. Bf6 Rg6 37. Rd6 Kf7 38. Qf4 1-0

[Event "9th Sunway Sitges 2022"]
[Site "Sitges ESP"]
[Date "2022.12.13"]
[Round "2.33"]
[White "Kristoferitsch, Daniel"]
[Black "Wadsworth, Matthew J"]
[Result "0-1"]
[WhiteTitle "FM"]
[BlackTitle "IM"]
[WhiteElo "2286"]
[BlackElo "2470"]
[WhiteFideId "1642650"]
[BlackFideId "415804"]
[EventDate "2022.12.12"]

1. d4 d5 2. c4 c6 3. Nc3 Nf6 4. e3 a6 5. Qc2 g6 6. Bd3 Bg7 7. Nf3 O-O 8. O-O Bg4
9. Ne5 Be6 10. c5 Nbd7 11. Nxd7 Qxd7 12. Na4 Rae8 13. Nb6 Qc7 14. f4 Nd7 15. Na4
Nf6 16. Bd2 Bc8 17. Nc3 Ng4 18. Ne2 Nh6 19. Ng3 f6 20. f5 gxf5 21. Nxf5 Nxf5 22.
Bxf5 Bxf5 23. Rxf5 e5 24. Raf1 exd4 25. exd4 Re4 26. Qd3 Qf7 27. R1f3 Qg6 28. h3
Rfe8 29. Kh2 Re2 0-1

[Event "9th Sunway Sitges 2022"]
[Site "Sitges ESP"]
[Date "2022.12.13"]
[Round "2.34"]
[White "Sousa, Andre Ventura"]
[Black "Pogorelov, Ruslan"]
[Result "1/2-1/2"]
[WhiteTitle "IM"]
[BlackTitle "GM"]
[WhiteElo "2466"]
[BlackElo "2288"]
[WhiteFideId "1917617"]
[BlackFideId "14100363"]
[EventDate "2022.12.12"]

1. e4 c5 2. Nf3 e6 3. d4 cxd4 4. Nxd4 a6 5. Bd3 Qc7 6. O-O Nf6 7. Qe2 d6 8. c4
g6 9. Nc3 Bg7 10. Be3 Nbd7 11. Rac1 O-O 12. f3 b6 13. Qf2 Bb7 14. Rfd1 Rac8 15.
Bf1 Qb8 16. b4 Ne5 17. Na4 Ba8 18. h3 b5 19. cxb5 d5 20. Rxc8 Rxc8 21. Nc5 dxe4
22. fxe4 Nxe4 23. Qe1 Nxc5 24. bxc5 axb5 25. Nxb5 Bd5 26. Nd6 Rc6 27. Rb1 Qd8
28. Qb4 Nd7 29. Bb5 Rc7 30. a4 Bf8 31. Qf4 e5 32. Qf2 Nxc5 33. Bxc5 Bxd6 34. Bb6
Qf8 1/2-1/2

[Event "9th Sunway Sitges 2022"]
[Site "Sitges ESP"]
[Date "2022.12.13"]
[Round "2.35"]
[White "Enkhtuul, Altan-Ulzii"]
[Black "Velten, Paul"]
[Result "0-1"]
[WhiteTitle "WGM"]
[BlackTitle "GM"]
[WhiteElo "2285"]
[BlackElo "2465"]
[WhiteFideId "4901444"]
[BlackFideId "681091"]
[EventDate "2022.12.12"]

1. Nf3 d5 2. c4 c6 3. b3 Bg4 4. Bb2 Bxf3 5. exf3 e6 6. d4 Ne7 7. Bd3 g6 8. Nd2
Bg7 9. O-O O-O 10. c5 Nd7 11. b4 a5 12. a3 b6 13. Qc2 bxc5 14. dxc5 Bxb2 15.
Qxb2 Qc7 16. Rfc1 Rfb8 17. Bf1 axb4 18. axb4 Rxa1 19. Rxa1 Nxc5 20. Qf6 Nb7 21.
h4 Qd6 22. f4 Nf5 23. g4 Qe7 24. Qe5 Nfd6 25. g5 Rf8 26. Bh3 c5 27. h5 gxh5 28.
bxc5 Nxc5 29. Qe2 Nde4 30. Nxe4 Nxe4 31. Bg2 Qb4 32. Bxe4 dxe4 33. Re1 Rc8 34.
Kg2 Qc5 35. Rd1 e3 36. fxe3 e5 37. fxe5 Qxe5 38. Kf2 Rc2 39. Qxc2 Qh2+ 40. Kf3
Qxc2 41. Rd5 Kg7 42. e4 h4 43. Rf5 h3 44. Kg3 Qg2+ 0-1

[Event "9th Sunway Sitges 2022"]
[Site "Sitges ESP"]
[Date "2022.12.13"]
[Round "2.36"]
[White "Ayats Llobera, Gerard"]
[Black "Schulze, Lara"]
[Result "1-0"]
[WhiteTitle "IM"]
[BlackTitle "FM"]
[WhiteElo "2464"]
[BlackElo "2284"]
[WhiteFideId "32067607"]
[BlackFideId "12956830"]
[EventDate "2022.12.12"]

1. e4 c5 2. Nf3 Nc6 3. d4 cxd4 4. Nxd4 Nf6 5. Nc3 d6 6. Bg5 e6 7. Qd2 a6 8.
O-O-O Bd7 9. f4 Be7 10. Nf3 b5 11. Bxf6 gxf6 12. Kb1 b4 13. Ne2 h5 14. Ned4 Qb6
15. f5 e5 16. Nxc6 Bxc6 17. Bd3 a5 18. Qe2 a4 19. Bc4 Qc5 20. Rc1 a3 21. b3 d5
22. exd5 Bxd5 23. Nxe5 Qd4 24. Nd3 Bxc4 25. bxc4 Qxc4 26. Rhe1 Ra7 27. Qf3 Kf8
28. Re4 Qc3 29. g4 Rd7 30. Qe2 Bc5 31. gxh5 Bd4 32. Re8+ Kg7 33. Rg1+ Bxg1 34.
Qg4+ Kh7 35. Rxh8+ Kxh8 36. h6 Rxd3 37. Qg7# 1-0

[Event "9th Sunway Sitges 2022"]
[Site "Sitges ESP"]
[Date "2022.12.13"]
[Round "2.37"]
[White "Mamedov, Edgar"]
[Black "Sochacki, Christophe"]
[Result "0-1"]
[WhiteTitle "FM"]
[BlackTitle "GM"]
[WhiteElo "2283"]
[BlackElo "2463"]
[WhiteFideId "13739980"]
[BlackFideId "662569"]
[EventDate "2022.12.12"]

1. d4 d5 2. c4 e6 3. Nf3 Nf6 4. Nc3 dxc4 5. e3 c5 6. Bxc4 a6 7. O-O b5 8. Be2
Bb7 9. dxc5 Bxc5 10. Qxd8+ Kxd8 11. a3 Ke7 12. b4 Bd6 13. Bb2 Nbd7 14. Nd2 Rac8
15. Rac1 Nb6 16. Nb3 Nfd7 17. Na5 Ba8 18. Nb1 Na4 19. Ba1 Be5 20. Bxe5 Nxe5 21.
f4 Nd7 22. Bf3 Bxf3 23. gxf3 f6 24. Kf2 Ndb6 25. Nd2 Nc3 26. Ndb3 Nba4 27. Nb7
Rc4 28. N7a5 Rc7 29. Nd4 Rhc8 30. Ke1 Nd5 31. Rxc7+ Rxc7 32. Kf2 Rc3 33. f5 exf5
34. Nxf5+ Kf7 35. Nb7 g6 36. Nfd6+ Ke6 37. Ne4 Rxa3 38. Nbc5+ Nxc5 39. Nxc5+ Ke5
40. f4+ Kd6 41. Rd1 Kc6 42. Nd3 Nc3 43. Rc1 Kd5 44. Nc5 f5 45. Kf3 Kc4 46. Ne6
Kxb4 47. Nd4 Kc4 48. Nc6 b4 49. Rc2 a5 50. Rd2 Ne4 51. Ne5+ Kc5 52. Rd7 Ra2 53.
Nd3+ Kc4 54. h4 Rd2 55. h5 Rxd3 56. Rc7+ Nc5 0-1

[Event "9th Sunway Sitges 2022"]
[Site "Sitges ESP"]
[Date "2022.12.13"]
[Round "2.38"]
[White "Fernandez Guillen, Ernesto J."]
[Black "Ram, Aravind L N"]
[Result "1-0"]
[WhiteTitle "IM"]
[BlackTitle "FM"]
[WhiteElo "2462"]
[BlackElo "2272"]
[WhiteFideId "3512428"]
[BlackFideId "25033760"]
[EventDate "2022.12.12"]

1. e4 c5 2. Nf3 d6 3. d4 cxd4 4. Nxd4 Nf6 5. Nc3 Nc6 6. Bc4 Qb6 7. Nb3 e6 8. Be3
Qc7 9. Bd3 a6 10. f4 b5 11. g4 Be7 12. g5 Nd7 13. Qh5 Nc5 14. O-O g6 15. Qh3 Bb7
16. f5 gxf5 17. exf5 Bxg5 18. Bxc5 dxc5 19. fxe6 c4 20. Nd5 Qd6 21. Nf6+ Bxf6
22. Rxf6 Kd8 23. Rd1 Kc7 24. Rxf7+ Kb8 25. Be2 Qe5 26. Rdd7 Nd8 27. Nd4 Nxf7 28.
exf7 Qc5 29. Kf1 Ra7 30. Ne6 Qe5 31. f8=Q+ Rxf8+ 32. Nxf8 Qf6+ 33. Ke1 Qxf8 34.
Qg3+ Ka8 35. Qc7 1-0

[Event "9th Sunway Sitges 2022"]
[Site "Sitges ESP"]
[Date "2022.12.13"]
[Round "2.39"]
[White "Md Imran"]
[Black "Firat, Burak"]
[Result "0-1"]
[WhiteTitle "CM"]
[BlackTitle "GM"]
[WhiteElo "2279"]
[BlackElo "2460"]
[WhiteFideId "25748580"]
[BlackFideId "6305881"]
[EventDate "2022.12.12"]

1. d4 Nf6 2. Nf3 g6 3. Nc3 d5 4. Bf4 c6 5. e3 Bg7 6. Bd3 Qb6 7. a3 Bg4 8. O-O
O-O 9. h3 Bxf3 10. Qxf3 Nbd7 11. b4 Nh5 12. Na4 Qd8 13. Bg5 Qe8 14. g4 Nhf6 15.
b5 e5 16. bxc6 bxc6 17. Qg2 Qe6 18. Rab1 Rfe8 19. Rb7 Qd6 20. Bxf6 Bxf6 21. Qg3
Re7 22. c4 Qxa3 23. g5 Bg7 24. cxd5 cxd5 25. Bb5 Nf8 26. Rxe7 Qxe7 27. dxe5 Bxe5
28. Qg4 Rb8 29. Bc6 Rb4 30. f4 Bg7 31. Qf3 Re4 32. Kf2 Qd6 33. Rc1 Ne6 34. Qd1
Nxf4 35. exf4 Qxf4+ 36. Kg2 Be5 0-1

[Event "9th Sunway Sitges 2022"]
[Site "Sitges ESP"]
[Date "2022.12.13"]
[Round "2.40"]
[White "Sardana, Rishi"]
[Black "Jinan, Jomon"]
[Result "1-0"]
[WhiteTitle "IM"]
[WhiteElo "2460"]
[BlackElo "2271"]
[WhiteFideId "25004301"]
[BlackFideId "35002511"]
[EventDate "2022.12.12"]

1. e4 e5 2. Nf3 Nc6 3. Bb5 a6 4. Ba4 Nf6 5. O-O Be7 6. d3 b5 7. Bb3 d6 8. a4 Bb7
9. Nc3 b4 10. Nd5 Na5 11. Nxe7 Qxe7 12. Ba2 O-O 13. Qe1 Nc6 14. Bg5 h6 15. Bd2
Rfb8 16. Rc1 Bc8 17. Bd5 Bd7 18. a5 Nxd5 19. exd5 Nxa5 20. Bxb4 Nb7 21. d4 f6
22. c4 Qf7 23. Ba3 Bg4 24. Nd2 Re8 25. f3 exd4 26. Qf2 Bf5 27. Qxd4 Re2 28. Rfe1
Rae8 29. Ne4 Rxe1+ 30. Rxe1 Qg6 31. Kf2 Bxe4 32. Rxe4 Rxe4 33. Qxe4 Qxe4 34.
fxe4 Na5 35. c5 Nc4 36. c6 Kf7 37. Bb4 f5 38. b3 Ne5 39. Bxd6 Ng4+ 40. Ke2 Nf6
41. Bxc7 1-0

[Event "9th Sunway Sitges 2022"]
[Site "Sitges ESP"]
[Date "2022.12.13"]
[Round "2.41"]
[White "Torngren, Gustav"]
[Black "Woodward, Andy"]
[Result "1/2-1/2"]
[WhiteTitle "FM"]
[BlackTitle "IM"]
[WhiteElo "2275"]
[BlackElo "2457"]
[WhiteFideId "1728970"]
[BlackFideId "30953499"]
[EventDate "2022.12.12"]

1. Nf3 Nf6 2. c4 g6 3. Nc3 d5 4. cxd5 Nxd5 5. h4 Bg7 6. e4 Nxc3 7. dxc3 Qxd1+ 8.
Kxd1 Nd7 9. h5 O-O 10. Bc4 Rb8 11. a4 a6 12. h6 Bf6 13. Bf4 b5 14. axb5 axb5 15.
Bd5 e5 16. Be3 Bb7 17. Bxb7 Rxb7 18. Kc2 Be7 19. Rhd1 Bd6 20. Ra6 Nf6 21. Nd2
Ng4 22. Rc6 f5 23. Re1 f4 24. Bc5 Rd8 25. Nb3 Nxh6 26. Na5 Rbb8 27. Ba7 Ra8 28.
Nb7 Rd7 29. Bc5 Nf7 30. Rd1 Rb8 1/2-1/2

[Event "9th Sunway Sitges 2022"]
[Site "Sitges ESP"]
[Date "2022.12.13"]
[Round "2.42"]
[White "Raja, Rithvik R"]
[Black "Newrkla, Katharina"]
[Result "1-0"]
[WhiteTitle "GM"]
[BlackTitle "WIM"]
[WhiteElo "2453"]
[BlackElo "2265"]
[WhiteFideId "35007394"]
[BlackFideId "1621629"]
[EventDate "2022.12.12"]

1. d4 Nf6 2. c4 g6 3. Nc3 Bg7 4. e4 d6 5. h3 O-O 6. Be3 e5 7. d5 Na6 8. g4 Nc5
9. f3 a5 10. Nge2 Nfd7 11. h4 Bf6 12. g5 Be7 13. Qd2 f6 14. h5 fxg5 15. hxg6
Rxf3 16. Bg2 Rxe3 17. Qxe3 Nf8 18. gxh7+ Kh8 19. O-O-O g4 20. Rh5 Bd7 21. Qh6
Bf6 22. Rf1 Nd3+ 23. Kb1 Nf4 24. Nxf4 exf4 25. Rxf4 Be5 26. Rxe5 dxe5 27. Rf7 1-0

[Event "9th Sunway Sitges 2022"]
[Site "Sitges ESP"]
[Date "2022.12.13"]
[Round "2.43"]
[White "Kostov, Deyan Samuil"]
[Black "Erdogmus, Yagiz Kaan"]
[Result "0-1"]
[WhiteTitle "FM"]
[BlackTitle "IM"]
[WhiteElo "2260"]
[BlackElo "2453"]
[WhiteFideId "30909015"]
[BlackFideId "44599790"]
[EventDate "2022.12.12"]

1. d4 Nf6 2. Bf4 g6 3. Nc3 d5 4. e3 Bg7 5. h4 h5 6. Nf3 O-O 7. Be2 c5 8. Ne5 Nc6
9. O-O cxd4 10. exd4 Bf5 11. Bb5 Na5 12. Bd3 Bxd3 13. Qxd3 Nc6 14. Rfe1 e6 15.
Rad1 Nd7 16. Nf3 Qb6 17. a3 Ne7 18. b4 Rac8 19. Na4 Qc6 20. Nc5 b6 21. Nxd7 Qxd7
22. b5 Nf5 23. Ne5 Bxe5 24. Bxe5 f6 25. Bg3 Rc4 26. c3 Rfc8 27. Rc1 Kf7 28. Bf4
Qxb5 29. Qe2 Qd7 30. g4 hxg4 31. Qxg4 Rh8 32. Bg3 Qc6 33. Qf4 Rc8 34. Qg4 Rxc3
35. Rxc3 Qxc3 36. Rd1 Nxg3 37. fxg3 Qe3+ 38. Kh1 Rc3 39. h5 Qh6 40. Kg2 Qxh5 0-1

[Event "9th Sunway Sitges 2022"]
[Site "Sitges ESP"]
[Date "2022.12.13"]
[Round "2.45"]
[White "Ruiz Buendia, Miguel"]
[Black "Kaasen, Tor Fredrik"]
[Result "1/2-1/2"]
[WhiteTitle "FM"]
[BlackTitle "IM"]
[WhiteElo "2257"]
[BlackElo "2452"]
[WhiteFideId "24537675"]
[BlackFideId "1516647"]
[EventDate "2022.12.12"]

1. e4 c6 2. d4 d5 3. e5 Bf5 4. Nd2 e6 5. Nb3 Nd7 6. Nf3 Qc7 7. a4 c5 8. dxc5
Bxc5 9. Bb5 Rd8 10. Nxc5 Qxc5 11. Nd4 Ne7 12. Be3 Qc7 13. f4 O-O 14. O-O Be4 15.
Ra3 a6 16. Rc3 Qb8 17. Be2 Rc8 18. Qd2 h6 19. a5 Rc7 20. Rxc7 Qxc7 21. Qb4 Nc6
22. Nxc6 Qxc6 23. Rc1 f6 24. Bd4 fxe5 25. fxe5 Rf5 26. Qe7 Rf7 27. Qe8+ Rf8 28.
Qe7 Rf7 1/2-1/2

[Event "9th Sunway Sitges 2022"]
[Site "Sitges ESP"]
[Date "2022.12.13"]
[Round "2.46"]
[White "Ryan, Joseph"]
[Black "Abdisalimov, Abdimalik"]
[Result "0-1"]
[WhiteTitle "FM"]
[BlackTitle "IM"]
[WhiteElo "2249"]
[BlackElo "2447"]
[WhiteFideId "2500426"]
[BlackFideId "14206323"]
[EventDate "2022.12.12"]

1. e4 c5 2. Nf3 d6 3. d4 cxd4 4. Nxd4 Nf6 5. Nc3 a6 6. g3 e6 7. Bg2 Be7 8. O-O
O-O 9. Be3 Nbd7 10. a4 Qc7 11. a5 Ne5 12. Nb3 Nc4 13. Bc1 Nd7 14. Qe2 Bf6 15.
Nd1 Rb8 16. Ra2 b5 17. axb6 Ndxb6 18. f4 Bd7 19. Rf3 e5 20. f5 d5 21. Nf2 Bb5
22. Qe1 Rfd8 23. Ng4 Qe7 24. Nxf6+ Qxf6 25. exd5 Nxd5 26. h4 Qb6+ 27. Kh2 Bc6
28. Nd2 Nce3 29. Rxe3 Nxe3 30. Bxc6 Nxc2 31. Qxe5 Qxc6 32. Qc3 Qd5 33. Nc4 Qxf5
34. Bf4 Rbc8 35. b3 Nd4 36. Ra5 Qe4 37. Qe3 Qc2+ 38. Kh3 Qxb3 39. Ne5 Qe6+ 40.
Ng4 Qxe3 41. Nxe3 Rc6 42. Nd5 Kf8 43. Nb4 Rc4 44. Nxa6 Ne6 45. Be3 Ra8 46. Ra2
h5 47. Nb4 Rxa2 48. Nxa2 Nd4 49. Nc1 f6 50. Bf4 Ne6 51. Bd6+ Kf7 52. Ne2 g5 53.
hxg5 fxg5 54. Kg2 Rc2 55. Kf3 Kg6 56. Bb8 Kf5 57. g4+ hxg4+ 58. Ke3 Kg6 59. Ng3
Ng7 60. Ke4 Rf2 61. Ke3 Rf3+ 62. Ke2 Nh5 63. Ne4 Nf4+ 0-1

[Event "9th Sunway Sitges 2022"]
[Site "Sitges ESP"]
[Date "2022.12.13"]
[Round "2.47"]
[White "Garcia Ramos, Daniel"]
[Black "Aditya, Varun Gampa"]
[Result "1-0"]
[WhiteTitle "IM"]
[WhiteElo "2439"]
[BlackElo "2249"]
[WhiteFideId "32010311"]
[BlackFideId "45066183"]
[EventDate "2022.12.12"]

1. e4 c5 2. Nf3 e6 3. d4 cxd4 4. Nxd4 a6 5. Bd3 Bc5 6. Nb3 Ba7 7. O-O Nc6 8. Qe2
d6 9. Be3 Nf6 10. c4 O-O 11. Nc3 e5 12. Bxa7 Rxa7 13. Rfd1 Be6 14. Rd2 Nd7 15.
Rad1 Nc5 16. Qe3 Nxb3 17. axb3 Qb8 18. Bf1 Rd8 19. Qb6 Ra8 20. b4 Rd7 21. h3 Qd8
22. Na4 Nd4 23. Rxd4 exd4 24. Qxd4 Rc7 25. e5 Rc6 26. exd6 Qg5 27. h4 Qh6 28.
Nb6 Rd8 29. c5 Qh5 30. Rd2 a5 31. Be2 Qf5 32. Bf3 Rxb6 33. cxb6 axb4 34. Bxb7 b3
35. Be4 Qb5 36. b7 Bd7 37. Qd3 Qb4 38. Bxh7+ Kh8 39. Be4 f5 40. Bf3 Re8 41. Qd4
Qb5 42. Rd1 Rd8 43. h5 Kh7 44. h6 gxh6 45. Re1 Re8 46. Rxe8 Bxe8 47. Qa7 1-0

[Event "9th Sunway Sitges 2022"]
[Site "Sitges ESP"]
[Date "2022.12.13"]
[Round "2.48"]
[White "Sieber, Fiona"]
[Black "Nigmatov, Ortik"]
[Result "0-1"]
[WhiteTitle "WIM"]
[BlackTitle "IM"]
[WhiteElo "2245"]
[BlackElo "2439"]
[WhiteFideId "12902373"]
[BlackFideId "14202131"]
[EventDate "2022.12.12"]

1. e4 c5 2. Nf3 d6 3. Bb5+ Nd7 4. d4 cxd4 5. Nxd4 a6 6. Bd3 Ngf6 7. O-O e5 8.
Nf5 g6 9. Ne3 Nc5 10. Nc3 Be6 11. a4 Rc8 12. a5 Bg7 13. b4 Ncd7 14. Ncd5 Bxd5
15. exd5 e4 16. Be2 Ne5 17. Qd4 O-O 18. Ra2 Nfd7 19. Qd1 f5 20. f4 exf3 21. Bxf3
Nxf3+ 22. Qxf3 Ne5 23. Qe2 Qh4 24. b5 f4 25. Ra4 Qg5 26. bxa6 bxa6 27. Nc4 f3
28. Qf2 Qh5 29. Nxe5 fxg2 30. Qxg2 Rxf1+ 31. Qxf1 Bxe5 32. Bf4 Qg4+ 33. Kh1 Rf8 0-1